Language Quiz

Random Language Quiz

Fødenamn frå pseudonym Quiz Stats

 Plays Quiz not verified by Sporcle

Challenge
Share
Tweet
Embed
Score 0/28 Timer 10:00
0 Plays Today
Pseudonym Namn % Correct
KygoKyrre Gørvell-Dahll
100%
Jokke (& Valentinerne)Joachim Nielsen
94.1%
Jonas FjeldTerje Lillegård Jensen
88.2%
Louis Masterson, Ward Cameron, Leo Manning og Lee MorganKjell Hallbing
88.2%
PrepplePer Øivind Houmb
88.2%
Hank von HelveteHans-Erik Dyvik Husby
88.2%
TordenskioldPeter Wessel
88.2%
SwayEspen Lind
88.2%
Happy-TomThomas Seltzer
88.2%
RaviIvar Christian Johansen
82.4%
TønesFrank Tønnesen
82.4%
Thom HellThomas Helland
82.4%
Herodes FalskKim Bård Roll Hansen
76.5%
Ralph MyerzErlend Sellevold
76.5%
Pseudonym Namn % Correct
Lill-BabsBarbro Margareta Svensson
76.5%
Jens PikenesKjetil Rolness
76.5%
Stein Riverton og Kristian F. BillerSven Elvestad
70.6%
Arthur OmreOle Arthur Antonisen
64.7%
HarpoJan Svensson
64.7%
Kevin O'BrienPer-Christian Frantzen
52.9%
Ida MariaIda Maria Børli Sivertsen
52.9%
Mari OsmundsenAnne Kristine (Kia) Halling
47.1%
Kim SmågeAnne Karin Thorshus
47.1%
Hariton PushwagnerTerje Brofos
0%
VinniØyvind Sauvik
0%
Arne ArnardoArne Otto Lorang Andersen
0%
Onkel LauritzLauritz Johnson
0%
Bernhard BorgeAndré Bjerke
0%

You're not logged in!

Compare scores with friends on all Sporcle quizzes.
OR
Log In

You Might Also Like...

Show Comments

Extras

Created Jun 18, 2017ReportNominate
Tags:pseudonym

Top Quizzes Today


Score Distribution

Your Account Isn't Verified!

In order to create a playlist on Sporcle, you need to verify the email address you used during registration. Go to your Sporcle Settings to finish the process.

Report this User

Report this user for behavior that violates our Community Guidelines.

Details: